[Event "Verdal CC-ch"]
[Site "Verdal"]
[Date "2009.??.??"]
[Round "8"]
[White "Hagen, Per Anders"]
[Black "Lund, Terje"]
[Result "0-1"]
[WhiteElo "1525"]
[BlackElo "2001"]
[PlyCount "82"]
[EventDate "2009.09.07"]
[EventType "swiss"]
[EventRounds "9"]
[EventCountry "NOR"]
[SourceTitle "EXT 2024"]
[Source "ChessBase"]
[SourceDate "2023.10.10"]
[SourceVersion "1"]
[SourceVersionDate "2023.10.10"]
[SourceQuality "1"]

1. d4 Nf6 2. e3 d6 3. f4 Bg4 4. Nf3 Nbd7 5. Bd3 c6 6. 0-0 e5 7. dxe5 dxe5 8. h3 Bxf3 9. Qxf3 Bc5 10. b4 Bxb4 11. Bb2 Qe7 12. e4 exf4 13. Qxf4 0-0 14. e5 Nd5 15. Qg3 Nc5 16. Bf5 Ne6 17. Kh1 Qg5 18. Qf3 Ne3 19. Bc1 Qxf5 20. Bxe3 Qxf3 21. gxf3 Rfd8 22. f4 Rd7 23. f5 Nc7 24. Kg2 b6 25. a3 Ba5 26. Ra2 Re8 27. Bf4 Nd5 28. Kf3 Nxf4 29. Kxf4 Rd4+ 30. Ke3 Rh4 31. Nd2 Rxe5+ 32. Kd3 Rd5+ 33. Ke2 Rxd2+ 34. Kf3 Rxh3+ 35. Kg4 Rc3 36. Rf4 Rg2+ 37. Kh4 g5+ 38. fxg6 hxg6 39. Rb2 g5+ 40. Kh5 Rh3+ 41. Rh4 Rxh4# 0-1